000 00801nam0a22002891 4500
001 RU\NLR\INFOCOMM6\ROSSICA\1000359791
005 20250613191930.0
035 _a(NLR Aleph) 009944940
090 _a10773429
_c10773429
100 _a20031028d1912 |||y0rusy50 ca
101 0 _aepo
102 _aRU
105 _ay ||||000ay
200 1 _aUnua Ŝtupo, au senmortija nutrado
_fTolstoj, L.
210 _aMoskvo
_c"Posrednik"
_d1912
215 _dp8°
225 1 _aTutmonda biblioteko je la memoro de L.Tolstoj
_v№3
700 1 _aTolstoj
_bL.N.
_f1828-1910
_gLev Nikolaevič
_4070
801 1 _aRU
_bInfoComm
_c20031028
801 0 _aRU
_bNLR
_gPSBO
852 _aNLR
_j30.1.2.3
852 _aNLR
_j30.1.2.3³
942 _cBOOK
980 _aNB
980 _aRossica